Romanian Cities - Statistics

General Stats
  • This quiz has been taken 252 times
  • The average score is 18 of 43
Answer Stats
Hint Answer % Correct
1 Bucuresti
89%
18 Cluj
85%
6 Constanta
80%
2 Iasi
75%
39 Timis
75%
3 Brasov
69%
8 Arad
63%
37 Sibiu
56%
22 Galati
55%
10 Bacau
52%
35 Satu Mare
51%
4 Suceava
50%
13 Botosani
47%
40 Tulcea
46%
7 Alba
45%
14 Braila
45%
15 Buzau
44%
41 Vaslui
41%
29 Maramures
39%
23 Giurgiu
36%
28 Ilfov
36%
31 Mures
36%
17 Calarasi
34%
26 Hunedoara
34%
5 Timisoara
34%
9 Arges
33%
32 Neamt
33%
33 Olt
33%
21 Dolj
32%
38 Teleorman
31%
11 Bihor
30%
34 Prahova
30%
42 Valcea
30%
43 Vrancea
30%
30 Mehedinti
29%
19 Covasna
28%
25 Harghita
28%
20 Dambovita
27%
24 Gorj
27%
27 Ialomita
26%
36 Salaj
25%
12 Bistrita Nasaud
24%
16 Caras Severin
21%
No matching quizzes found
Score Distribution
Percent of People with Each Score
Percentile by Number Answered
Your Score History
You have not taken this quiz